Historical dictionary of Ethiopia /

Bibliographic Details
Main Author: Prouty, Chris
Other Authors: Rosenfeld, Eugene, 1915-
Format: Book
Language:English
Published: Metuchen, N.J. : Scarecrow Press, 1981
Series:African historical dictionaries ; no. 32.
Subjects:

MARC

Tag First Indicator Second Indicator Subfields
LEADER 00000pam a2200000 a 4500
001 in00000087900
005 20151008063047.0
008 810513c19811982nju bd 00110 eng
010 |a  81008729  
020 |a 081081448X 
035 |a (OCoLC)07555969 
035 |9 AAK1496AM 
039 0 |a 2  |b 3  |c 3  |d 3  |e 3 
040 |a DLC  |c DLC  |d TXA  |d UtOrBLW 
043 |a f-et--- 
049 |a TXAM  |c [1361705] 
050 0 0 |a DT381  |b .R57 
082 0 |a 963/.003/21  |2 19 
100 1 |a Prouty, Chris. 
245 1 0 |a Historical dictionary of Ethiopia /  |c by Chris Prouty and Eugene Rosenfeld. 
264 1 |a Metuchen, N.J. :  |b Scarecrow Press,  |c 1981 
264 4 |c ©1982 
300 |a xv, 436 pages ;  |c 22 cm. 
336 |a text  |b txt  |2 rdacontent 
337 |a unmediated  |b n  |2 rdamedia 
338 |a volume  |b nc  |2 rdacarrier 
490 1 |a African historical dictionaries ;  |v no. 32 
500 |a Includes index. 
504 |a Bibliography: pages [192]-407. 
651 0 |a Ethiopia  |x History  |x Dictionaries. 
700 1 |a Rosenfeld, Eugene,  |d 1915- 
830 0 |a African historical dictionaries ;  |v no. 32. 
999 |a MARS 
999 f f |s 1a3fe7e4-585a-3871-8a98-b7290196ebe4  |i 5ce39c39-3da3-3704-87a4-2a2ec1928a16  |t 0 
952 f f |p ric  |a Texas A&M University  |b Rellis Campus  |c Joint Library Facility  |d Remote Storage  |t 0  |e DT381 .R57  |h Library of Congress classification  |i unmediated -- volume  |m A14806103235 
998 f f |a DT381 .R57  |t 0  |l Remote Storage